| 000 | 00588nam a2200181Ia 4500 | ||
|---|---|---|---|
| 005 | 20250508163217.0 | ||
| 008 | 008 250505s9999 xx 000 0 eng d | ||
| 037 | _aTextual | ||
| 040 |
_aFEDL _beng _cFEDL |
||
| 041 |
_aeng _2eng |
||
| 084 |
_a920, PUB _qFEDL |
||
| 245 | 0 | _aGreat men and women of India | |
| 245 | 0 | _cIndia. Information and broadcasting, (Ministry of...) | |
| 260 |
_aNew Delhi, India _bThe Director, Publications Division, Ministry of Information and Broadcastiong _c1973 |
||
| 300 | _avi,149p | ||
| 942 |
_cTEXL _h920, PUB |
||
| 999 |
_c1381538 _d1381538 |
||